KOHA-Header-6

Database Design Application Development (Record no. 9505)

000 -LEADER
fixed length control field 00287nam a2200109Ia 4500
100 ## - MAIN ENTRY--AUTHOR NAME
Personal name Michael V. Manning
245 #0 - TITLE STATEMENT
Title Database Design Application Development
260 ## - PUBLICATION, DISTRIBUTION, ETC. (IMPRINT)
Place of publication New Jersey
Name of publisher Willey Student
Year of publication 1996
300 ## - PHYSICAL DESCRIPTION
Number of Pages 400
942 ## - ADDED ENTRY ELEMENTS (KOHA)
Koha item type Books
Holdings
Withdrawn status Lost status Collection code Permanent Location Current Location Shelving location Date acquired Full call number Accession Number Koha item type
    Computer Science MAJU MAJU Shelf No.A19 2019-09-14 338.005 5297 Books

Powered by Koha